[Event "34. Copenhagen Open (Politiken Cup)"]
[Site "Elsinore"]
[Date "2012.08.03"]
[Round "8"]
[White "Madison, Sigurd"]
[Black "Christensen, Uffe Stenberg"]
[Result "1-0"]
[WhiteElo "1799"]
[BlackElo "1913"]
[PlyCount "59"]
[EventDate "2012.07.28"]
[EventType "swiss"]
[EventRounds "10"]
[EventCountry "DEN"]
[Source "ChessBase"]
[SourceDate "2012.08.24"]

1. e4 d6 2. d4 Nf6 3. Nd2 Nbd7 4. f4 e5 5. fxe5 dxe5 6. c3 c6 7. Ngf3 Qc7 8.
Bc4 b5 9. Bb3 Be7 10. Ng5 O-O 11. Bxf7+ Rxf7 12. Qb3 Nd5 13. Nxf7 Kxf7 14. exd5
Kf8 15. dxc6 Qxc6 16. O-O+ Bf6 17. Qd1 exd4 18. cxd4 Bb7 19. Qg4 Kg8 20. Nf3
Re8 21. Bf4 Qd5 22. Kh1 Nf8 23. Be5 Re6 24. Rac1 Ng6 25. Rc5 Qxa2 26. Rc7 Qd5
27. Rxb7 Bxe5 28. Nxe5 Re8 29. Rd7 Qa2 30. Nxg6 1-0

[Event "34. Copenhagen Open (Politiken Cup)"]
[Site "Elsinore"]
[Date "2012.08.03"]
[Round "8"]
[White "Marthedal, Anton Mehmet Yildiz"]
[Black "Madsen, Svend Aage"]
[Result "1-0"]
[WhiteElo "1334"]
[BlackElo "2074"]
[PlyCount "45"]
[EventDate "2012.07.28"]
[EventType "swiss"]
[EventRounds "10"]
[EventCountry "DEN"]
[Source "ChessBase"]
[SourceDate "2012.08.24"]

1. c4 Nf6 2. Nc3 g6 3. d4 Bg7 4. e4 d6 5. Nf3 O-O 6. g3 Nbd7 7. Bg2 c5 8. d5
Ne8 9. O-O f5 10. exf5 Rxf5 11. Re1 Ne5 12. Nh4 Rf8 13. Qe2 Bf6 14. f4 Nf7 15.
Nf3 Ng7 16. Qd2 Bf5 17. b3 Qd7 18. Bb2 Rae8 19. Re3 Bg4 20. Ne4 Bxb2 21. Qxb2
Nf5 22. Rae1 e6 23. Nf6+ 1-0

[Event "34. Copenhagen Open (Politiken Cup)"]
[Site "Elsinore"]
[Date "2012.08.03"]
[Round "8"]
[White "Marttala, Thomas"]
[Black "L'Ami, Alina"]
[Result "0-1"]
[WhiteElo "2193"]
[BlackElo "2372"]
[PlyCount "136"]
[EventDate "2012.07.28"]
[EventType "swiss"]
[EventRounds "10"]
[EventCountry "DEN"]
[Source "ChessBase"]
[SourceDate "2012.08.24"]

1. e4 c5 2. Nf3 d6 3. c3 Nf6 4. h3 Nc6 5. Bd3 d5 6. e5 Nd7 7. Bb5 Qb6 8. Ba4 e6
9. d4 Be7 10. O-O O-O 11. Bc2 f6 12. exf6 Nxf6 13. Re1 Bd6 14. a3 Bd7 15. b4
cxd4 16. cxd4 Rae8 17. Nc3 e5 18. Bg5 Nxd4 19. Bxf6 Nxc2 20. Qxc2 gxf6 21. Nxd5
Qc6 22. Qd2 Bb8 23. Rac1 Qd6 24. Nc3 Qxd2 25. Nxd2 f5 26. Nc4 e4 27. Red1 Be6
28. Na5 Bf4 29. Rb1 e3 30. Nxb7 Bc8 31. Nd6 e2 32. Nxe8 exd1=Q+ 33. Rxd1 Rxe8
34. Nd5 Bg5 35. f4 Bd8 36. Rd2 Bb7 37. g4 fxg4 38. hxg4 Kf7 39. Kh2 Re1 40. f5
Bg5 41. Rd3 h6 42. Kg3 Bxd5 43. Rxd5 Re3+ 44. Kg2 Rxa3 45. b5 Re3 46. Rd6 Bf4
47. Ra6 Rg3+ 48. Kf2 Rxg4 49. Kf3 h5 50. Rxa7+ Kf6 51. Rh7 Kg5 52. b6 Be5 53.
b7 Rb4 54. f6 Bxf6 55. Rd7 Kf5 56. Kg3 Rb3+ 57. Kg2 h4 58. Rd3 Rxb7 59. Kh3 Rb5
60. Rf3+ Kg5 61. Rd3 Rf5 62. Rb3 Kh5 63. Rd3 Rg5 64. Kh2 Be5+ 65. Kh1 Kg4 66.
Kg2 Bf4 67. Rc3 Rb5 68. Rc2 h3+ 0-1

[Event "34. Copenhagen Open (Politiken Cup)"]
[Site "Elsinore"]
[Date "2012.08.03"]
[Round "8"]
[White "Matthiesen, Martin"]
[Black "Nielsen, Klaus"]
[Result "1-0"]
[WhiteElo "2285"]
[BlackElo "2069"]
[PlyCount "55"]
[EventDate "2012.07.28"]
[EventType "swiss"]
[EventRounds "10"]
[EventCountry "DEN"]
[Source "ChessBase"]
[SourceDate "2012.08.24"]

1. d4 d5 2. Bf4 Nf6 3. e3 g6 4. c4 Bg7 5. Nc3 c6 6. Nf3 O-O 7. Be2 Nbd7 8. O-O
dxc4 9. Bxc4 Nb6 10. Bb3 Bg4 11. h3 Bxf3 12. Qxf3 Nbd5 13. Bh2 Nxc3 14. bxc3
Qa5 15. e4 Nd7 16. Rad1 Rad8 17. Bf4 c5 18. e5 e6 19. Qxb7 c4 20. Bxc4 Nb6 21.
Bb3 Qxc3 22. Qxa7 Nd5 23. Bg5 Ra8 24. Qd7 h6 25. Bxd5 exd5 26. Be7 Rfe8 27.
Qxd5 Ra5 28. Bc5 1-0

[Event "34. Copenhagen Open (Politiken Cup)"]
[Site "Elsinore"]
[Date "2012.08.03"]
[Round "8"]
[White "Moller, Arne"]
[Black "Pedersen, Jan Kaas"]
[Result "1/2-1/2"]
[WhiteElo "1895"]
[BlackElo "2044"]
[PlyCount "58"]
[EventDate "2012.07.28"]
[EventType "swiss"]
[EventRounds "10"]
[EventCountry "DEN"]
[Source "ChessBase"]
[SourceDate "2012.08.24"]

1. e4 c6 2. d4 d5 3. Nc3 dxe4 4. Nxe4 Bf5 5. Ng3 Bg6 6. Nf3 e6 7. Bd3 Nd7 8.
O-O Ngf6 9. Re1 Qc7 10. a3 Bd6 11. b4 O-O 12. Bxg6 hxg6 13. c4 Rad8 14. Qc2
Rfe8 15. Bg5 Bf4 16. Rad1 Bxg5 17. Nxg5 e5 18. dxe5 Rxe5 19. Nf3 Rxe1+ 20. Rxe1
a5 21. Re7 Qd6 22. Qe2 Kf8 23. Re3 axb4 24. Rd3 Qc5 25. axb4 Qxb4 26. Ne5 Re8
27. Rxd7 Rxe5 28. Rxf7+ Kxf7 29. Qxe5 Qxc4 1/2-1/2

[Event "34. Copenhagen Open (Politiken Cup)"]
[Site "Elsinore"]
[Date "2012.08.03"]
[Round "8"]
[White "Mouritsen, Jan"]
[Black "Nielsen, Aage Sondergaard"]
[Result "0-1"]
[WhiteElo "1822"]
[BlackElo "1957"]
[PlyCount "56"]
[EventDate "2012.07.28"]
[EventType "swiss"]
[EventRounds "10"]
[EventCountry "DEN"]
[Source "ChessBase"]
[SourceDate "2012.08.24"]

1. d4 Nf6 2. c4 g6 3. Nc3 d5 4. cxd5 Nxd5 5. Bd2 Bg7 6. e4 Nxc3 7. Bxc3 c5 8.
d5 Bxc3+ 9. bxc3 Qa5 10. Qd2 O-O 11. Nf3 e6 12. d6 Bd7 13. h4 h5 14. g4 hxg4
15. Ne5 Kg7 16. Nxg4 Rh8 17. Rc1 Nc6 18. Qf4 Qd8 19. Qg3 f5 20. exf5 exf5 21.
Ne3 Qf6 22. Nd5 Qe6+ 23. Ne3 Ne5 24. f4 Ng4 25. Kd2 Qxd6+ 26. Bd3 Nxe3 27. Qxe3
Rhe8 28. Qg3 c4 0-1

[Event "34. Copenhagen Open (Politiken Cup)"]
[Site "Elsinore"]
[Date "2012.08.03"]
[Round "8"]
[White "Nassetti, Francesco"]
[Black "Elenius, Erik"]
[Result "1/2-1/2"]
[WhiteElo "1843"]
[BlackElo "2069"]
[PlyCount "155"]
[EventDate "2012.07.28"]
[EventType "swiss"]
[EventRounds "10"]
[EventCountry "DEN"]
[Source "ChessBase"]
[SourceDate "2012.08.24"]

1. Nf3 Nf6 2. g3 g6 3. Bg2 Bg7 4. O-O O-O 5. d4 d6 6. c4 Nc6 7. Nc3 Bf5 8. Nh4
Bd7 9. e4 e5 10. d5 Nd4 11. Ne2 c6 12. dxc6 Bxc6 13. Nxd4 exd4 14. Qxd4 Nxe4
15. Qd3 Nc5 16. Qc2 f5 17. Nf3 Re8 18. Nh4 Rc8 19. Bxc6 bxc6 20. Be3 Re4 21.
Nf3 Qe7 22. Bxc5 dxc5 23. Rae1 Re8 24. b3 h6 25. Rxe4 Qxe4 26. Qxe4 fxe4 27.
Re1 Kf7 28. Nh4 Bd4 29. Kf1 Re6 30. Ng2 g5 31. h4 gxh4 32. Nxh4 Kf6 33. Ng2 Kf5
34. Nf4 Re5 35. Ke2 Kf6 36. Rh1 Kg7 37. Rh4 Kh7 38. Rg4 h5 39. Rh4 Kh6 40. Ng2
Kg5 41. Nf4 Kh6 42. Nh3 Kg6 43. Rf4 Re8 44. Rh4 Re5 45. Ng1 Re8 46. Rh2 Bf6 47.
Nh3 Kf5 48. Nf4 h4 49. Nh5 hxg3 50. Nxg3+ Kg6 51. Rh5 Be5 52. Rh3 Bf6 53. Nf1
Bg5 54. Ne3 Bf4 55. Rh1 Bg5 56. Rd1 Rd8 57. Rxd8 Bxd8 58. f3 exf3+ 59. Kxf3 Kf6
60. Ke4 Bc7 61. Ng4+ Ke6 62. Nf2 Bd6 63. Nd3 a5 64. Nb2 Kf6 65. Na4 Ke6 66. Kd3
Be7 67. Nb2 Bf6 68. Nd1 Be7 69. Ke4 Bd6 70. Nf2 Kf6 71. Nd3 Ke6 72. Ke3 Kf5 73.
Kd2 Ke4 74. Kc2 Ke3 75. Nb2 Kd4 76. Na4 Bc7 77. Kb2 Bd8 78. Kc2 1/2-1/2

[Event "34. Copenhagen Open (Politiken Cup)"]
[Site "Elsinore"]
[Date "2012.08.03"]
[Round "8"]
[White "Nielsen, Borge Hjerrild"]
[Black "Henningsen, Lasse"]
[Result "1-0"]
[WhiteElo "2035"]
[BlackElo "1756"]
[PlyCount "63"]
[EventDate "2012.07.28"]
[EventType "swiss"]
[EventRounds "10"]
[EventCountry "DEN"]
[Source "ChessBase"]
[SourceDate "2012.08.24"]

1. d4 d5 2. c4 e6 3. Nc3 Nf6 4. cxd5 exd5 5. Bf4 Bd6 6. Bg3 O-O 7. e3 Bf5 8.
Bd3 Bxd3 9. Qxd3 Re8 10. Nge2 Bxg3 11. hxg3 c6 12. f3 Nbd7 13. Kf2 Nf8 14. Nf4
Qd6 15. Rab1 Re7 16. g4 Rae8 17. Rbe1 Rd8 18. Rd1 c5 19. dxc5 Qxc5 20. Qd4 Qa5
21. g5 Ne8 22. Nfxd5 Red7 23. e4 Ne6 24. Qe3 Nd6 25. b3 b5 26. b4 Qa6 27. f4
Qb7 28. Qf3 Nc4 29. Qh5 Nf8 30. Kg3 a5 31. Ne7+ Kh8 32. Qxh7+ 1-0

[Event "34. Copenhagen Open (Politiken Cup)"]
[Site "Elsinore"]
[Date "2012.08.03"]
[Round "8"]
[White "Nielsen, Hogni Egilstoft"]
[Black "Merkesvik, Sondre"]
[Result "1-0"]
[WhiteElo "2057"]
[BlackElo "1892"]
[PlyCount "105"]
[EventDate "2012.07.28"]
[EventType "swiss"]
[EventRounds "10"]
[EventCountry "DEN"]
[Source "ChessBase"]
[SourceDate "2012.08.24"]

1. e4 Nf6 2. e5 Nd5 3. d4 d6 4. c4 Nb6 5. f4 dxe5 6. fxe5 c5 7. d5 e6 8. Nf3
exd5 9. cxd5 Qxd5 10. Qc2 Be7 11. Nc3 Qd8 12. Be3 O-O 13. Bd3 h6 14. O-O-O Qc7
15. Nb5 Qc6 16. Nd6 Nd5 17. Bxc5 Nd7 18. Ba3 Qxc2+ 19. Bxc2 Ne3 20. Rd2 Bxd6
21. Bxd6 Nc4 22. Bxf8 Nxd2 23. Bd6 Nc4 24. Re1 Nxd6 25. exd6 Nf6 26. Bb3 Bd7
27. Re7 Be6 28. Bxe6 fxe6 29. Rxe6 Rd8 30. Nd4 Rd7 31. Nf5 Kf7 32. Re7+ Rxe7
33. dxe7 Ne8 34. Kd2 Kf6 35. g4 h5 36. h3 hxg4 37. hxg4 g6 38. Nd4 Kxe7 39. Ke3
Nd6 40. Kf4 Kf6 41. g5+ Ke7 42. Nf3 Nc4 43. b3 Nb6 44. Nh4 Kf7 45. Ke5 Nc8 46.
Ng2 a6 47. Nf4 Na7 48. Kd5 Nb5 49. a4 Nc3+ 50. Kc4 Nb1 51. b4 a5 52. bxa5 Nd2+
53. Kc5 1-0

[Event "34. Copenhagen Open (Politiken Cup)"]
[Site "Elsinore"]
[Date "2012.08.03"]
[Round "8"]
[White "Nielsen, Jan Mose"]
[Black "Larsen, Ulrik Jejlskov"]
[Result "1-0"]
[WhiteElo "2130"]
[BlackElo "2010"]
[PlyCount "45"]
[EventDate "2012.07.28"]
[EventType "swiss"]
[EventRounds "10"]
[EventCountry "DEN"]
[Source "ChessBase"]
[SourceDate "2012.08.24"]

1. d4 d5 2. c4 e6 3. Nc3 c5 4. cxd5 exd5 5. dxc5 d4 6. Ne4 Bf5 7. Ng3 Bg6 8.
Qb3 Qc7 9. e3 Bxc5 10. Bb5+ Nc6 11. N1e2 O-O-O 12. Bxc6 Qxc6 13. exd4 Bxd4 14.
Nxd4 Rxd4 15. O-O Rd3 16. Qb4 Nf6 17. Bf4 Nd5 18. Qa5 Kd7 19. Rac1 Qf6 20. Rc7+
Nxc7 21. Qxc7+ Ke8 22. Re1+ Kf8 23. Qc5+ 1-0

[Event "34. Copenhagen Open (Politiken Cup)"]
[Site "Elsinore"]
[Date "2012.08.03"]
[Round "8"]
[White "Nielsen, Michael1"]
[Black "Rossen, Claus"]
[Result "0-1"]
[WhiteElo "2127"]
[BlackElo "2223"]
[PlyCount "76"]
[EventDate "2012.07.28"]
[EventType "swiss"]
[EventRounds "10"]
[EventCountry "DEN"]
[Source "ChessBase"]
[SourceDate "2012.08.24"]

1. d4 g6 2. c4 Nf6 3. Nc3 d5 4. Nf3 Bg7 5. e3 O-O 6. Be2 c5 7. O-O cxd4 8. Nxd4
Nc6 9. cxd5 Nxd5 10. Bf3 Nxc3 11. bxc3 Na5 12. Rb1 Qc7 13. Qa4 a6 14. Rd1 e5
15. Nb3 Nc4 16. Nd2 b5 17. Qb4 Nxd2 18. Rxd2 Rb8 19. Ba3 Bf5 20. Be4 a5 21. Qd6
Qxd6 22. Bxd6 Bxe4 23. Rbd1 Rbc8 24. Bxf8 Bxf8 25. f3 Bf5 26. Rd8 Rxc3 27. Rb8
Bd3 28. Rd8 e4 29. fxe4 Bxe4 30. R1d4 Rc1+ 31. Kf2 Rc2+ 32. Kg3 Bxg2 33. Rb8
Kg7 34. Rxb5 Rxa2 35. e4 Bf1 36. Rb1 Ra3+ 37. Kf4 Bh3 38. Rb8 Be7 0-1

[Event "34. Copenhagen Open (Politiken Cup)"]
[Site "Elsinore"]
[Date "2012.08.03"]
[Round "8"]
[White "Nilsen, Joachim Birger"]
[Black "Kramer, Julian"]
[Result "0-1"]
[WhiteElo "2215"]
[BlackElo "2048"]
[PlyCount "86"]
[EventDate "2012.07.28"]
[EventType "swiss"]
[EventRounds "10"]
[EventCountry "DEN"]
[Source "ChessBase"]
[SourceDate "2012.08.24"]

1. e4 c5 2. Nf3 d6 3. d4 cxd4 4. Nxd4 Nf6 5. Nc3 a6 6. Bg5 e6 7. f4 h6 8. Bh4
Qb6 9. Bxf6 gxf6 10. Qd3 Qxb2 11. Rb1 Qa3 12. f5 Qc5 13. Be2 h5 14. Bf3 Nc6 15.
Nb3 Qb4 16. a3 Qxa3 17. O-O Qb4 18. Kh1 Ne5 19. Qd2 Bh6 20. Qe1 h4 21. fxe6
Bxe6 22. Nd5 Qxe1 23. Rfxe1 Bxd5 24. exd5 Kd7 25. Be4 Rhb8 26. Rf1 Bg5 27. Na5
Kc7 28. c4 b6 29. Nc6 Re8 30. Nxe5 Rxe5 31. Bf3 Re3 32. Bh5 Re4 33. Bxf7 Bf4
34. Rfe1 Rxe1+ 35. Rxe1 Be5 36. Bg6 a5 37. Bb1 a4 38. Ba2 Kb7 39. Re4 Rh8 40.
Kg1 f5 41. Re1 h3 42. Rf1 hxg2 43. Rxf5 Rg8 0-1

[Event "34. Copenhagen Open (Politiken Cup)"]
[Site "Elsinore"]
[Date "2012.08.03"]
[Round "8"]
[White "Nordin, Eric"]
[Black "Bue, Gunnar"]
[Result "1-0"]
[WhiteElo "1906"]
[BlackElo "1677"]
[PlyCount "87"]
[EventDate "2012.07.28"]
[EventType "swiss"]
[EventRounds "10"]
[EventCountry "DEN"]
[Source "ChessBase"]
[SourceDate "2012.08.24"]

1. e4 d6 2. d4 Nf6 3. Nc3 g6 4. f4 Bg7 5. Nf3 O-O 6. Be2 Nc6 7. h3 a6 8. Be3 b5
9. d5 Na5 10. a3 Nc4 11. Bxc4 bxc4 12. Qe2 Rb8 13. Rb1 Nh5 14. Kf2 e5 15. fxe5
dxe5 16. Qxc4 Nf4 17. Ne2 g5 18. Nxf4 gxf4 19. Bc5 Re8 20. b4 Bd7 21. Qd3 c6
22. Rhd1 cxd5 23. Qxd5 Bb5 24. Qb3 Qc8 25. Rd2 Bc6 26. Re1 a5 27. Bd6 Rb7 28.
c4 axb4 29. axb4 Qe6 30. Bc5 Bb5 31. Rd5 Bc6 32. Rd6 Qc8 33. Rd3 Bd7 34. Nh4
Qd8 35. Nf3 Qc8 36. Bd6 Bxh3 37. gxh3 Qxh3 38. Rg1 Kh8 39. Qc3 f6 40. Qa1 Qe6
41. Qa6 Qf7 42. Qc6 Ra7 43. Rd2 Rea8 44. Qd5 1-0

[Event "34. Copenhagen Open (Politiken Cup)"]
[Site "Elsinore"]
[Date "2012.08.03"]
[Round "8"]
[White "Nordstrom, Hakon N"]
[Black "Gade, Jens"]
[Result "1-0"]
[WhiteElo "1776"]
[BlackElo "1578"]
[PlyCount "47"]
[EventDate "2012.07.28"]
[EventType "swiss"]
[EventRounds "10"]
[EventCountry "DEN"]
[Source "ChessBase"]
[SourceDate "2012.08.24"]

1. d4 d5 2. Nf3 Nf6 3. e3 Bg4 4. Nbd2 e6 5. h3 Bh5 6. c4 dxc4 7. Bxc4 Be7 8.
Qb3 b6 9. Ne5 O-O 10. Ndf3 Nbd7 11. g4 Nxe5 12. dxe5 Nxg4 13. hxg4 Bxg4 14. Nd4
Bc5 15. Qd3 Bb4+ 16. Bd2 Bxd2+ 17. Qxd2 c5 18. Nb5 a6 19. Qxd8 Rfxd8 20. Nd6 b5
21. Be2 Bf5 22. Bf3 Ra7 23. O-O-O Rc7 24. Nxf5 1-0

[Event "34. Copenhagen Open (Politiken Cup)"]
[Site "Elsinore"]
[Date "2012.08.03"]
[Round "8"]
[White "Okland, Sveinung"]
[Black "Kyrkjebo, Hanna Bakken"]
[Result "1/2-1/2"]
[WhiteElo "1846"]
[BlackElo "1536"]
[PlyCount "66"]
[EventDate "2012.07.28"]
[EventType "swiss"]
[EventRounds "10"]
[EventCountry "DEN"]
[Source "ChessBase"]
[SourceDate "2012.08.24"]

1. d4 d5 2. Nf3 Nf6 3. c3 c6 4. Bf4 Nbd7 5. e3 e6 6. Nbd2 Be7 7. Bd3 O-O 8. Ne5
c5 9. Qf3 Re8 10. Qh3 Nf8 11. O-O Bd7 12. g4 Bc6 13. f3 N6d7 14. Nxd7 Qxd7 15.
Rf2 Bd6 16. Bxd6 Qxd6 17. f4 Qe7 18. Nf3 f6 19. g5 f5 20. Qg3 Nd7 21. h4 b6 22.
Rh2 c4 23. Be2 Bb7 24. Kf2 Rf8 25. h5 Rac8 26. Rah1 Rfd8 27. Nh4 Nf8 28. Bd1
Bc6 29. Nf3 Nd7 30. Rh4 Rb8 31. R4h2 Rbc8 32. Qh4 Qf8 33. Qg3 Qe7 1/2-1/2

[Event "34. Copenhagen Open (Politiken Cup)"]
[Site "Elsinore"]
[Date "2012.08.03"]
[Round "8"]
[White "Olsen, Karsten Kierkegaard"]
[Black "Bremer, Erik"]
[Result "1/2-1/2"]
[WhiteElo "1618"]
[BlackElo "1547"]
[PlyCount "88"]
[EventDate "2012.07.28"]
[EventType "swiss"]
[EventRounds "10"]
[EventCountry "DEN"]
[Source "ChessBase"]
[SourceDate "2012.08.24"]

1. e4 c5 2. Nf3 d6 3. d4 cxd4 4. Nxd4 Nf6 5. Nc3 g6 6. Bg5 Bg7 7. Qd2 O-O 8.
Bh6 a6 9. Bxg7 Kxg7 10. f3 b5 11. O-O-O Bb7 12. e5 dxe5 13. Nf5+ gxf5 14. Qxd8
Rxd8 15. Rxd8 Nbd7 16. Rxa8 Bxa8 17. Be2 Nb6 18. Rd1 Nfd5 19. Nxd5 Bxd5 20. Rd3
Kf8 21. Ra3 Bb7 22. Rc3 Nd5 23. Rc5 e6 24. c4 bxc4 25. Bxc4 Ke7 26. Kd2 Kd6 27.
Ra5 Nc7 28. b4 f6 29. Ra3 Ke7 30. Rc3 Kd6 31. a4 Nd5 32. Bxd5 exd5 33. b5 axb5
34. axb5 d4 35. Rc1 Kd7 36. b6 Bc6 37. Ra1 Kc8 38. Ra7 Bb7 39. Kd3 h5 40. h4 f4
41. Ra5 Kd7 42. Rc5 Bc6 43. Ra5 Bb7 44. Kc4 Kc6 1/2-1/2

[Event "34. Copenhagen Open (Politiken Cup)"]
[Site "Elsinore"]
[Date "2012.08.03"]
[Round "8"]
[White "Pallesen, Jacob"]
[Black "Bratholm, Palle"]
[Result "1/2-1/2"]
[WhiteElo "1975"]
[BlackElo "2088"]
[PlyCount "147"]
[EventDate "2012.07.28"]
[EventType "swiss"]
[EventRounds "10"]
[EventCountry "DEN"]
[Source "ChessBase"]
[SourceDate "2012.08.24"]

1. e4 e5 2. Nf3 Nf6 3. Nxe5 d6 4. Nf3 Nxe4 5. Nc3 Nxc3 6. dxc3 Be7 7. Bd3 Be6
8. Nd4 Qd7 9. Qf3 Nc6 10. Bb5 d5 11. O-O O-O 12. Bxc6 bxc6 13. Bf4 Rab8 14. b3
c5 15. Nxe6 fxe6 16. Qg3 Bd6 17. Be5 Bxe5 18. Qxe5 Rf5 19. Qe3 Qd6 20. Rfe1
Rbf8 21. f3 R8f6 22. Re2 e5 23. Rae1 Qf8 24. h3 c6 25. Qd3 Qe7 26. c4 Qd6 27.
cxd5 cxd5 28. Rd1 d4 29. Qc4+ Kf8 30. Rde1 Rg5 31. Kh1 Rf7 32. Re4 Rgf5 33. f4
Rxf4 34. Rxe5 g6 35. Rxc5 Kg7 36. Rd5 Rf1+ 37. Rxf1 Rxf1+ 38. Qxf1 Qxd5 39. a3
Qc5 40. Qd3 a5 41. Kg1 Kh6 42. Qd2+ Kg7 43. b4 axb4 44. Qxb4 Qxc2 45. Qxd4+ Kh6
46. Qf4+ Kg7 47. a4 Qc3 48. Kh2 Qa5 49. Qd4+ Kg8 50. Qc4+ Kg7 51. Qb5 Qc7+ 52.
Kg1 Qc1+ 53. Kf2 Qf4+ 54. Ke2 Qe4+ 55. Kd1 Qxg2 56. a5 Qg1+ 57. Kc2 Qg2+ 58.
Kb1 Qe4+ 59. Ka2 Qe6+ 60. Qb3 Qa6 61. Qb6 Qc4+ 62. Ka3 Qd3+ 63. Kb4 Qb1+ 64.
Kc5 Qf5+ 65. Kc6 Qxh3 66. a6 h5 67. a7 Qf3+ 68. Kc7 Kh6 69. Qc6 Qf7+ 70. Kb8
Qf4+ 71. Kb7 Qb4+ 72. Qb6 Qe4+ 73. Qc6 Qb4+ 74. Qb6 1/2-1/2

[Event "34. Copenhagen Open (Politiken Cup)"]
[Site "Elsinore"]
[Date "2012.08.03"]
[Round "8"]
[White "Percivaldi, Martin"]
[Black "Jensen, John Klaus"]
[Result "1/2-1/2"]
[WhiteElo "2015"]
[BlackElo "1874"]
[PlyCount "92"]
[EventDate "2012.07.28"]
[EventType "swiss"]
[EventRounds "10"]
[EventCountry "DEN"]
[Source "ChessBase"]
[SourceDate "2012.08.24"]

1. d4 d5 2. c4 e6 3. Nf3 Nf6 4. g3 Nbd7 5. Bg2 dxc4 6. Qc2 c5 7. dxc5 Bxc5 8.
O-O O-O 9. Nbd2 Nb6 10. Nxc4 Nxc4 11. Qxc4 Qb6 12. Bd2 Bd7 13. b4 Be7 14. a4
Rac8 15. Qb3 Nd5 16. Ne5 Qd6 17. Nxd7 Qxd7 18. Rfd1 Bf6 19. Rab1 Qe8 20. e3 Nc3
21. Bxc3 Rxc3 22. Qa2 Qc8 23. Qe2 b6 24. Qb5 Rd8 25. Rxd8+ Qxd8 26. Qa6 Rc7 27.
Bf3 g6 28. Kg2 Qe7 29. a5 Qd6 30. Qb5 Kg7 31. Rd1 Qe5 32. Qa6 bxa5 33. bxa5 Qb2
34. Rf1 Bc3 35. Rd1 Qb4 36. Rd8 Qxa5 37. Qd6 Qc5 38. Qd3 Qe7 39. Ra8 Qd7 40.
Qe4 Rc8 41. h4 Rxa8 42. Qxa8 h5 43. Bc6 Qe7 44. Qb8 a5 45. Qb5 Qf6 46. Bf3 Qe5
1/2-1/2

[Event "34. Copenhagen Open (Politiken Cup)"]
[Site "Elsinore"]
[Date "2012.08.03"]
[Round "8"]
[White "Pettersen, Joar Gullestad"]
[Black "Ananthan, Arunn"]
[Result "1-0"]
[WhiteElo "2007"]
[BlackElo "1696"]
[PlyCount "57"]
[EventDate "2012.07.28"]
[EventType "swiss"]
[EventRounds "10"]
[EventCountry "DEN"]
[Source "ChessBase"]
[SourceDate "2012.08.24"]

1. Nf3 Nf6 2. g3 Nc6 3. d4 d5 4. Bg2 e6 5. O-O Be7 6. c4 O-O 7. b3 Re8 8. Bb2
dxc4 9. bxc4 Na5 10. Qd3 c5 11. e3 Nc6 12. Nc3 cxd4 13. exd4 e5 14. d5 Bb4 15.
Qd1 Na5 16. Nd2 Bg4 17. Qa4 Bc5 18. Nce4 Nxe4 19. Nxe4 Bd4 20. Bxd4 exd4 21. c5
Be2 22. Rfe1 d3 23. Nc3 Rc8 24. Nxe2 dxe2 25. Rac1 a6 26. Qg4 g6 27. Rxe2 Rxe2
28. Qxe2 b6 29. c6 1-0

[Event "34. Copenhagen Open (Politiken Cup)"]
[Site "Elsinore"]
[Date "2012.08.03"]
[Round "8"]
[White "Rasmussen, Lars"]
[Black "Jensen, Michael Agermose"]
[Result "0-1"]
[WhiteElo "1957"]
[BlackElo "2113"]
[PlyCount "124"]
[EventDate "2012.07.28"]
[EventType "swiss"]
[EventRounds "10"]
[EventCountry "DEN"]
[Source "ChessBase"]
[SourceDate "2012.08.24"]

1. e4 c5 2. Nf3 d6 3. d4 cxd4 4. Nxd4 Nf6 5. Nc3 g6 6. Be2 Bg7 7. O-O Nc6 8.
Be3 O-O 9. Nb3 Be6 10. Qd2 Rc8 11. Rad1 a6 12. f3 Ne5 13. Nd5 Bxd5 14. exd5
Nfd7 15. Rfe1 Nb6 16. c3 Nbc4 17. Qc1 Nxe3 18. Qxe3 Re8 19. Nd2 Qa5 20. f4 Nd7
21. Nc4 Qc5 22. Qxc5 Rxc5 23. Ne3 Nb6 24. Bf3 Kf8 25. Re2 Na4 26. Rdd2 Rec8 27.
Nd1 b5 28. Re4 Nb6 29. Ree2 a5 30. a3 Rc4 31. Re4 Rxe4 32. Bxe4 b4 33. axb4
axb4 34. Rc2 bxc3 35. Nxc3 Rc4 36. Bf3 Rxf4 37. Kf2 Rc4 38. Ke2 Na4 39. Kd3
Nxb2+ 40. Rxb2 Rxc3+ 41. Kd2 Rd3+ 42. Kxd3 Bxb2 43. Ke4 Kg7 44. h4 e5 45. dxe6
fxe6 46. g4 d5+ 47. Kd3 Kf6 48. Bd1 e5 49. Bb3 Ke6 50. Ke3 e4 51. Ba4 Ke5 52.
Be8 d4+ 53. Kd2 Kf4 54. h5 g5 55. Kc2 Ba3 56. Bd7 d3+ 57. Kc3 Bc5 58. h6 Bf8
59. Bf5 Bxh6 60. Bxh7 Ke3 61. Bg8 Bg7+ 62. Kc4 d2 0-1

[Event "34. Copenhagen Open (Politiken Cup)"]
[Site "Elsinore"]
[Date "2012.08.03"]
[Round "8"]
[White "Rendlev, Niels Moller"]
[Black "Molin, Claus"]
[Result "1/2-1/2"]
[WhiteElo "1844"]
[BlackElo "1993"]
[PlyCount "92"]
[EventDate "2012.07.28"]
[EventType "swiss"]
[EventRounds "10"]
[EventCountry "DEN"]
[Source "ChessBase"]
[SourceDate "2012.08.24"]

1. g3 g6 2. f4 Bg7 3. Nf3 c5 4. Bg2 d5 5. d3 Nc6 6. Nc3 e6 7. O-O Nge7 8. e4
O-O 9. Qe2 a6 10. h3 Qc7 11. g4 d4 12. Nd1 f5 13. g5 fxe4 14. dxe4 e5 15. Qc4+
Kh8 16. Qxc5 exf4 17. Nf2 Be6 18. Nd3 b6 19. Qa3 Na5 20. Nxf4 Bc4 21. Nd3 Nec6
22. Bd2 Rfe8 23. b3 Bg8 24. Rae1 Rad8 25. Qc1 Nb7 26. Bf4 Qd7 27. Rf2 Nc5 28.
Qd2 Nxe4 29. Rxe4 Rxe4 30. Nfe5 Rxe5 31. Bxc6 Qxc6 32. Nxe5 Qd5 33. Nd3 Be6 34.
Kh2 Qf5 35. Rf3 Bd5 36. Rf1 Rf8 37. Qe2 Bb7 38. Re1 Qd5 39. Kg3 a5 40. Be5 Kg8
41. Bf4 Rc8 42. a4 Qc6 43. Rc1 Re8 44. Qf2 Qd5 45. Re1 Rc8 46. Qe2 Qc6 1/2-1/2

[Event "34. Copenhagen Open (Politiken Cup)"]
[Site "Elsinore"]
[Date "2012.08.03"]
[Round "8"]
[White "Rydstrom, Tom"]
[Black "Bendixen, Daniel"]
[Result "1-0"]
[WhiteElo "2046"]
[BlackElo "1882"]
[PlyCount "71"]
[EventDate "2012.07.28"]
[EventType "swiss"]
[EventRounds "10"]
[EventCountry "DEN"]
[Source "ChessBase"]
[SourceDate "2012.08.24"]

1. e4 c5 2. Nf3 Nc6 3. d4 cxd4 4. Nxd4 g6 5. Nc3 Bg7 6. Be3 Nf6 7. Bc4 O-O 8.
O-O d6 9. h3 a6 10. Qd2 Qc7 11. Be2 Bd7 12. f4 Rac8 13. Nxc6 Bxc6 14. Bf3 b5
15. a3 Rfd8 16. Rae1 a5 17. Qf2 Qb7 18. Bb6 b4 19. Bxd8 bxc3 20. Qb6 Qd7 21. e5
Bxf3 22. exf6 Bxf6 23. Rxf3 Qxd8 24. Qxd8+ Rxd8 25. b4 axb4 26. axb4 Rb8 27.
Rb1 Bd4+ 28. Kf1 Bc5 29. b5 Bd4 30. Ke2 e5 31. fxe5 dxe5 32. g4 h6 33. Rf6 Kf8
34. Ra6 Ke7 35. b6 Rb7 36. Ra7 1-0

[Event "34. Copenhagen Open (Politiken Cup)"]
[Site "Elsinore"]
[Date "2012.08.03"]
[Round "8"]
[White "Satre, Roger"]
[Black "Stray, Gunnar"]
[Result "0-1"]
[WhiteElo "1866"]
[BlackElo "2035"]
[PlyCount "82"]
[EventDate "2012.07.28"]
[EventType "swiss"]
[EventRounds "10"]
[EventCountry "DEN"]
[Source "ChessBase"]
[SourceDate "2012.08.24"]

1. e4 c5 2. Nc3 Nc6 3. g3 g6 4. Bg2 Bg7 5. d3 d6 6. Be3 Rb8 7. Qd2 e6 8. h4 h5
9. Nh3 b5 10. O-O b4 11. Nd1 Nh6 12. f3 a5 13. Ndf2 e5 14. c3 Bd7 15. Kh2 Qb6
16. Rfc1 f6 17. Ng1 Nf7 18. Bh3 f5 19. Ne2 O-O 20. exf5 gxf5 21. Ne4 bxc3 22.
bxc3 Qb2 23. Qd1 fxe4 24. Rcb1 exf3 25. Rxb2 Rxb2 26. Bxd7 Rxe2+ 27. Kh3 Nb8
28. Be6 Rxe3 29. Bd5 e4 30. Qb3 Nd7 31. Bxe4 Nde5 32. Qe6 Rb8 33. d4 Rxe4 34.
dxe5 Rxe5 35. Qc4 Rb2 36. g4 d5 37. Qxc5 Rg2 38. Qc8+ Kh7 39. g5 Nd6 40. Qd7
Nf5 41. Re1 Rg4 0-1